[Event "AUT-ch"]
[Site "Vienna"]
[Date "2018.07.27"]
[Round "7"]
[White "Feit, Florian"]
[Black "Brueck, Michael"]
[Result "1-0"]
[WhiteElo "2012"]
[BlackElo "2000"]
[PlyCount "49"]
[EventDate "2018.07.22"]
[EventType "swiss"]
[EventRounds "9"]
[EventCountry "AUT"]
[SourceTitle "CBM 185 Extra"]
[Source "ChessBase"]
[SourceDate "2018.07.29"]
[SourceVersion "1"]
[SourceVersionDate "2018.07.29"]
[SourceQuality "1"]

1. d4 f5 2. Nc3 Nf6 3. Bg5 g6 4. h4 Bg7 5. Qd2 c6 6. Bxf6 Bxf6 7. e4 d6 8. Nf3 b5 9. a3 Qb6 10. e5 Bg7 11. h5 Nd7 12. exd6 exd6 13. Qe3+ Kd8 14. Ng5 Nf8 15. Nf7+ Kd7 16. Nxh8 Bxd4 17. Qg3 Bxh8 18. 0-0-0 Qc5 19. hxg6 Bxc3 20. g7 Bxg7 21. Qxg7+ Ke8 22. Re1+ Be6 23. Rh6 Qd5 24. Rhxe6+ Nxe6 25. Qg8+ 1-0

[Event "AUT-ch Seniors 50"]
[Site "Vienna"]
[Date "2017.02.12"]
[Round "7.1"]
[White "Wallner, Joachim"]
[Black "Brueck, Michael"]
[Result "1-0"]
[WhiteElo "2326"]
[BlackElo "1876"]
[PlyCount "56"]
[EventDate "2017.02.06"]
[EventType "swiss"]
[EventRounds "7"]
[EventCountry "AUT"]
[SourceTitle "EXT 2024"]
[Source "ChessBase"]
[SourceDate "2023.10.10"]
[SourceVersion "1"]
[SourceVersionDate "2023.10.10"]
[SourceQuality "1"]

1. b3 e5 2. Bb2 Nc6 3. e3 Nf6 4. Bb5 Bd6 5. Na3 Qe7 6. Nc4 a6 7. Nxd6+ cxd6 8. Be2 b5 9. Nf3 Bb7 10. 0-0 0-0 11. d3 Rac8 12. c4 b4 13. e4 Ne8 14. Ne1 f5 15. Nc2 g5 16. exf5 Rxf5 17. Bf3 Ng7 18. Ne3 Rff8 19. Be4 a5 20. Nd5 Qf7 21. Qg4 Ne6 22. f4 h5 23. Qg3 Qg7 24. fxg5 Ncd4 25. Bxd4 Nxd4 26. Qh4 Ne2+ 27. Kh1 Nf4 28. Nf6+ Rxf6 1-0

[Event "AUT-ch Seniors 50"]
[Site "Vienna"]
[Date "2017.02.11"]
[Round "6.2"]
[White "Brueck, Michael"]
[Black "Steiner, Bruno"]
[Result "1/2-1/2"]
[WhiteElo "1876"]
[BlackElo "2135"]
[PlyCount "110"]
[EventDate "2017.02.06"]
[EventType "swiss"]
[EventRounds "7"]
[EventCountry "AUT"]
[SourceTitle "EXT 2024"]
[Source "ChessBase"]
[SourceDate "2023.10.10"]
[SourceVersion "1"]
[SourceVersionDate "2023.10.10"]
[SourceQuality "1"]

1. e4 e5 2. Nf3 Nc6 3. c3 Nf6 4. d4 d6 5. Bd3 h6 6. 0-0 g5 7. dxe5 dxe5 8. Bb5 Bd7 9. Qe2 a6 10. Bxc6 Bxc6 11. Nxe5 Bxe4 12. Ng4 Bc5 13. Nxf6+ Qxf6 14. Qxe4+ Kf8 15. Be3 Bxe3 16. Qxe3 Re8 17. Qc5+ Kg7 18. Qxc7 Re2 19. Na3 Rxb2 20. Nc4 Qxc3 21. Qe5+ Qxe5 22. Nxe5 Rd8 23. g4 b5 24. a4 Rd4 25. axb5 Rxb5 26. Rfe1 f6 27. Nf3 Rxg4+ 28. Kf1 Rf4 29. Re3 Rbf5 30. Kg2 Rg4+ 31. Kh3 Rgf4 32. Kg3 a5 33. Ra2 Kg6 34. Ne1 Kh5 35. Kg2 Rg4+ 36. Kf1 Rd4 37. Rea3 Rh4 38. h3 a4 39. Ng2 Rb4 40. Rxa4 Rxa4 41. Rxa4 Rf3 42. Ne3 Rxh3 43. Kg2 Rh4 44. Rxh4+ Kxh4 45. Nd5 f5 46. Ne3 f4 47. Nf5+ Kh5 48. Kf3 Kg6 49. Ke4 h5 50. Nd4 Kf6 51. Ne2 Ke6 52. Nc3 Kf6 53. Nb5 Ke6 54. Nd4+ Kf6 55. Nf5 Kg6 1/2-1/2

[Event "AUT-ch Seniors 50"]
[Site "Vienna"]
[Date "2017.02.09"]
[Round "4.2"]
[White "Brueck, Michael"]
[Black "Sukopp, Karl"]
[Result "1/2-1/2"]
[WhiteElo "1876"]
[BlackElo "1955"]
[PlyCount "62"]
[EventDate "2017.02.06"]
[EventType "swiss"]
[EventRounds "7"]
[EventCountry "AUT"]
[SourceTitle "EXT 2024"]
[Source "ChessBase"]
[SourceDate "2023.10.10"]
[SourceVersion "1"]
[SourceVersionDate "2023.10.10"]
[SourceQuality "1"]

1. e4 c5 2. Nf3 Nc6 3. Bb5 g6 4. d4 cxd4 5. Nxd4 Bg7 6. Nxc6 bxc6 7. Bc4 Ba6 8. Qd3 Bxc4 9. Qxc4 Nf6 10. Nc3 0-0 11. 0-0 Ng4 12. Qe2 Nf6 13. Rd1 Qa5 14. Bf4 d6 15. a3 Nd7 16. Bd2 Qc7 17. f4 e6 18. Rab1 a6 19. Be3 Rfe8 20. Qd3 d5 21. Na4 f5 22. e5 c5 23. b4 Bf8 24. c4 Qc6 25. cxd5 Qxa4 26. dxe6 Nb6 27. bxc5 Rad8 28. Qxd8 Rxd8 29. Rxd8 Nd5 30. Rxd5 Qe4 31. Rbd1 Qxe3+ 1/2-1/2